Vijnanan Bhodhana Vidhana (Record no. 239630)

MARC details
000 -LEADER
fixed length control field 00389nam a2200145Ia 4500
005 - DATE AND TIME OF LATEST TRANSACTION
control field 20250729165742.0
008 - FIXED-LENGTH DATA ELEMENTS--GENERAL INFORMATION
fixed length control field 250729s2009 xx 000 0 und d
041 ## - LANGUAGE CODE
Language code of text/sound track or separate title kan
082 ## - DEWEY DECIMAL CLASSIFICATION NUMBER
Classification number 530.25 MALV
100 ## - MAIN ENTRY--PERSONAL NAME
Personal name H.S. Mallikarjuna Shastri
9 (RLIN) 232133
245 ## - TITLE STATEMENT
Title Vijnanan Bhodhana Vidhana
260 ## - PUBLICATION, DISTRIBUTION, ETC.
Place of publication, distribution, etc. Bangalore
Name of publisher, distributor, etc. Shruthi Loka Prakashana
Date of publication, distribution, etc. 2009
300 ## - PHYSICAL DESCRIPTION
Extent 406p
650 ## - SUBJECT ADDED ENTRY--TOPICAL TERM
Topical term or geographic name entry element Science
9 (RLIN) 232134
Holdings
Withdrawn status Lost status Damaged status Not for loan Home library Current library Date acquired Source of acquisition Cost, normal purchase price Total Checkouts Full call number Barcode Date last seen Cost, replacement price Price effective from Koha item type
        St Aloysius Library St Aloysius Library 07/29/2025 Management Book 250.00   530.25 MALV BED04949 07/29/2025 250.00 07/29/2025 Book